• 首页
  • 本馆介绍
  • 公告通知
  • 最新文献
  • 馆藏检索
  • 电子资源
  • 读者导购
  • 参考咨询
  • 我的图书馆
  • 登录
  • 详细信息显示
  • 放入我的书架
  • 预约/预借图书
  • 作者相关作品
  • 分类相关作品
  • 丛书相关作品
  • 出版社相关作品

书目信息

  • 表格格式
  • 工作单格式
  • 卡片格式
题名:
过程与实在
    
 
作者: 怀特海 著 ;杨富斌 译
分册:  
出版信息: 北京   中国城市出版社  2003
页数: 687页
开本: 20cm
丛书名: 西方思想经典文库
单 册:
中图分类: B561.52
科图分类:
主题词:
电子资源:
ISBN: 7-5074-1484-1
000 01223oam2 2200301 45
001 002296661
005 20041231085722.8
010    @a7-5074-1484-1@dCNY43.00
100    @a20030225d2003 em y0chiy0110 ea
101 1  @achi@ceng
102    @aCN@b110000
105    @ay z 000yy
200 1  @a过程与实在@Aguo cheng yu shi zai@dProcess and Reality@e宇宙论研究@EYu Zhou Lun Yan Jiu@f(英)阿尔弗雷德·诺思·怀特海著@F(Ying)A Er Fu Lei De·Nuo Si·Huai Te Hai Zhu@g杨富斌译
210    @a北京@c中国城市出版社@d2003
215    @a687页@d20cm
225 2  @a西方思想经典文库@f霍桂桓主编@h第二辑
300    @a在爱丁堡大学1927~1928年学期所做的吉福德讲演
300    @a附录:主要概念及人名中英文对照
330    @a全书分五编论述了“过程哲学”思想。内容包括宇宙是活生生的、有生命的机体,它处于永恒的创造进化过程之中。构成宇宙的不是所谓原初的物质或客观的物质实体。而是有性质和关系所构成的“有机体”等。
410    @12001 @a西方思想经典文库
410    @1700 0@a霍桂桓@AHuo Gui Huan@4主编
517    @a宇宙论研究@AYu Zhou Lun Yan Jiu
600  0 @a怀特海@x哲学@y英国
690    @aB561.52@v4
701  0 @a怀特海@4著
702  0 @a杨富斌@AYang Fu Bin@4译
801  0 @aCN@bNLC@c20030423
905    @b341466-470@dB561.52@e25@f5
    
    过程与实在=Process and Reality:宇宙论研究/(英)阿尔弗雷德·诺思·怀特海著/杨富斌译.-北京:中国城市出版社,2003
    687页;20cm.-(西方思想经典文库/霍桂桓主编.第二辑)
    在爱丁堡大学1927~1928年学期所做的吉福德讲演.-附录:主要概念及人名中英文对照
    
    ISBN 7-5074-1484-1:CNY43.00
    全书分五编论述了“过程哲学”思想。内容包括宇宙是活生生的、有生命的机体,它处于永恒的创造进化过程之中。构成宇宙的不是所谓原初的物质或客观的物质实体。而是有性质和关系所构成的“有机体”等。
●
相关链接 在E读中查询图书 在五车中查询图书 在当当中查询图书 在豆瓣中查询图书


正题名:过程与实在     索取号:B561.52/25         预约/预借

序号 登录号 条形码 馆藏地/架位号 状态 备注
1 0341466   203414661   第一样本阅览室/ [索取号:B561.52/25] 在馆    
2 0341467   203414670   第一借阅区/ [索取号:B561.52/25] 在馆    
3 0341468   203414689   第一借阅区/ [索取号:B561.52/25] 在馆    
4 0341469   203414698   第一借阅区/ [索取号:B561.52/25] 在馆    
5 0341470   203414705   第一借阅区/ [索取号:B561.52/25] 在馆    
唐山师范学院图书馆 欢迎您!
大连网信软件有限公司© 版权所有